Central Library OPAC University of Rajshahi

Fathpur-sikri and its architecture (Record no. 76948)

MARC details
000 -LEADER
fixed length control field 00851nam a2200277 a 4500
001 - CONTROL NUMBER
control field 76948
003 - CONTROL NUMBER IDENTIFIER
rucl marc code BD-RjUL
005 - DATE AND TIME OF LATEST TRANSACTION
control field 20211209082916.0
008 - FIXED-LENGTH DATA ELEMENTS--GENERAL INFORMATION
fixed length control field 200209s1970 bg a b 000 0 eng
020 ## - INTERNATIONAL STANDARD BOOK NUMBER
Terms of availability Rs25.00
035 ## - SYSTEM CONTROL NUMBER
System control number (BD-RjUL)77172
040 ## - CATALOGING SOURCE
Original cataloging agency DLC
Transcribing agency DLC
Modifying agency DLC
-- BD-RjUL
Language of cataloging eng
041 ## - LANGUAGE CODE
Language code of text/sound track or separate title eng
043 ## - GEOGRAPHIC AREA CODE
Geographic area code a-bg---
082 00 - DEWEY DECIMAL CLASSIFICATION NUMBER
Edition number 23
Classification number 720.954
Author mark and year HUF 1970
100 1# - MAIN ENTRY--PERSONAL NAME
Personal name Husain, A. B. M.,
Dates associated with a name 1934-
9 (RLIN) 239071
245 10 - TITLE STATEMENT
Title Fathpur-sikri and its architecture
Statement of responsibility, etc. [by] A.B.M. Husain.
260 ## - PUBLICATION, DISTRIBUTION, ETC. (IMPRINT)
Place of publication, distribution, etc. Dacca :
Name of publisher, distributor, etc. Bureau of National Reconstruction,
Date of publication, distribution, etc. 1970.
300 ## - PHYSICAL DESCRIPTION
Pagination x, 169 p.;
Illustrations illus.
Size 28 cm.
504 ## - BIBLIOGRAPHY, ETC. NOTE
Bibliography, etc Bibliography: p. [155]-163.
650 #0 - SUBJECT ADDED ENTRY--TOPICAL TERM
Topical term or geographic name as entry element Architecture, Mogul Empire
Geographic subdivision India
-- Fatehpur-Sikri.
9 (RLIN) 239072
Topical term or geographic name as entry element Architecture
Geographic subdivision India
-- Fatehpur-Sikri.
9 (RLIN) 239073
942 ## - ADDED ENTRY ELEMENTS (KOHA)
Source of classification or shelving scheme Dewey Decimal Classification
Koha item type Books
Holdings
Lost status Source of classification or shelving scheme Damaged status Not for loan Collection code Permanent Location Current Location Shelving location Date acquired Total Checkouts Full call number Date last seen Copy number Koha item type
  Dewey Decimal Classification   Not For Loan Non-fiction Central Library, University of Rajshahi Central Library, University of Rajshahi Reading Room 09/02/2020   720.954 HUF 1970 09/02/2020 C-1 Books